000 00977nam a2200253 i 4500
001 185881
003 SpMaBN
005 20251004063228.0
008 160817s1975 sp |||| | spa d
020 _a84-322-3833-3
080 _a821.134.2(460=411.21)-14.09
100 1 _aGarcía Gómez, Emilio,
_d1905-1995
_954690
245 1 4 _aLas jarchas romances de la serie árabe en su marco
_b: edición en caracteres latinos, versión española en calco rítmico y estudio de 43 moaxajas andaluzas /
_cEmilio García Gómez.
250 _a2ª ed.
260 _aBarcelona :
_bSeix Barral,
_c1975.
300 _a463 p. ;
_c20 cm.
490 1 _aBiblioteca breve de bolsillo.
_aSerie Mayor ;
_v29
500 _aGlosario.
500 _aÍndices.
650 7 _aJarchas-
_vHistoria y crítica.
_913932
830 0 _aBiblioteca breve de bolsillo.
_aSerie Mayor ;
_v29
_9181997
852 _aES-MaACL
_jL-30567
_z. - Donat. Miguel A. Velasco
999 _c185881
_d185881